| 000 | 01644nam a22002537a 4500 | ||
|---|---|---|---|
| 005 | 2012020709229.0 | ||
| 010 | _aB-469827-831 | ||
| 020 |
_a9788190790598 _c75.00 |
||
| 035 | _aB-469827-831 | ||
| 037 |
_adpl _bBlue Berry/Ven |
||
| 082 | _a808.882 | ||
| 100 |
_aSharma, Madhu _953833 |
||
| 245 |
_aGems of quotation : _ban author-wise reference book / _cby Madhu Sharma |
||
| 260 |
_aNew Delhi _bMannu Graphics _c200? |
||
| 270 |
_a5 FF,Ganpati Bhawan,21 Ansari Road,Darya Ganj, _bNew Delhi _e110002 |
||
| 300 |
_a221p. _c19cm(pbk) |
||
| 942 |
_2ddc _cEN _mSHA _h808.882 |
||
| 999 |
_c62116 _d62116 |
||